000 00308nam a22001337a 4500
999 _c54883
_d54883
008 190510b ||||| |||| 00| 0 eng d
020 _a9789951437721
041 _aeng
080 _a658
100 _a0-PZ
101 _aLID
245 _aLidershipi
_cKrasniqi, E & Kume, V and Mustafa, N
942 _2udc
_cBK